Statistics for Bi- Vocabulary Words Quiz

Click here to take the quiz!

General Stats

  • This quiz has been taken 34,013 times
    (26,095 since last reset)
  • The average score is 13 of 20

Answer Stats

Definition Word % Correct
One attracted to either men or womenBisexual
94%
Speaking 2 languagesBilingual
93%
2 wheeled conveyanceBicycle
93%
Telescope for 2 eyesBinoculars
90%
Two-headed muscle of the upper armBiceps
86%
Manic depressiveBipolar
84%
Glasses with different lenses for near and farBifocals
80%
Occurring every 14 daysBiweekly
79%
Number system using only 0's and 1'sBinary
78%
200th anniversaryBicentennial
76%
To cut in 2Bisect
68%
2-footed animalBiped
64%
Older airplane with 2 sets of wingsBiplane
60%
Skiing and shootingBiathlon
54%
Supported by both Republicans and DemocratsBipartisan
53%
One who has 2 wivesBigamist
50%
Tooth between the incisors and molarsBicuspid
39%
Type of molluskBivalve
29%
Having 2 legislative housesBicameral
28%
Like a forked tongueBifurcated
10%

Score Distribution

Percentile by Number Answered

Percent of People with Each Score

Your Score History

You have not taken this quiz since the last reset